Т. 47, № 7; Химико-фармацевтический журнал

Sonraí bibleagrafaíochta
Parent link:Химико-фармацевтический журнал: научно-технический и производственный журнал/ Всероссийский научно-исследовательский институт лекарственных и ароматических растений (ВИЛАР). Т. 47, № 7.— , 1978-
Teanga:Rúisis
Foilsithe / Cruthaithe: 2013
Formáid: LEABHAR
KOHA link:https://koha.lib.tpu.ru/cgi-bin/koha/opac-detail.pl?biblionumber=517993

MARC

LEADER 00000nam2a2200000 4500
001 517993
005 20231101105805.0
035 |a (RuTPU)RU\TPU\prd\196410 
090 |a 517993 
100 |a 20131001a19679999k y0rusy50 ca 
101 0 |a rus 
102 |a RU 
200 0 |a Т. 47, № 7 
210 |d 2013 
461 1 |0 (RuTPU)RU\TPU\prd\415  |t Химико-фармацевтический журнал  |o научно-технический и производственный журнал  |f Всероссийский научно-исследовательский институт лекарственных и ароматических растений (ВИЛАР)  |v Т. 47, № 7  |d 1978- 
801 0 |a RU  |b 63413507  |c 20010227  |g PSBO 
801 1 |a RU  |b 63413507  |c 20131001 
801 2 |a RU  |b 63413507  |c 20230623  |g RCR 
942 |c BK 
999 |a НТБ_ТПУ  |b НФ  |e -1/20130109  |p П-8960  |s 3/20130508  |u 0,00  |v 1